000 00983nam a22002892a 4500
001 21736
003 UkOxU
005 20211209000725.0
008 140305s1969 nyu b 001 0beng d
035 _aBD-RjUL)21801
040 _aDLC
_cDLC
_dUKM
_dEQO
_dBD-RjUL
_beng
041 _aeng
082 _a943.0530924
_bCAH V-1 1969
100 1 _aCarlyle, Thomas,
_d1795-1881.
_963390
245 1 0 _aHistory of Friedrich II. of Prussia, called Frederick the Great /
_c Thomas, Carlyle
_nVolume 1
260 _aNew York :
_bAms Press,
_cc1969
300 _axl, 435 p. ;
_c21 cm
490 1 _aClassic European historians
500 _aSelections from the original work
504 _aIncludes bibliographical references and Index
600 0 0 _aFrederick
_cKing of Prussia,
_d1712-1786.
_967129
651 0 _aPrussia (Germany)
_xHistory
_yFrederick II, 1740-1786
_967123
830 0 _aClassic European historians
_967130
942 _2ddc
_cBK
999 _c21736
_d21736